00842cam a22002411 450000100060000000300080000600500170001400800390003103500190007003500190008904000360010804100080014408200210015210000270017324500730020026000410027330000260031450400510034060000360039194200120042799900170043995201440045616754BD-RjUL20211209000040.0140215s1963 enk b 001 0 eng a(BD-RjUL)16809 a(OCoLC)1026184 aDLCcNhUdOCoLCdPSrSdDLCbeng aeng a811.52bDES 19631 aDekker, George.95175010aSailing after knowledge :bthe cantos of Ezra Pound /cGeorge Dekker aLondon :bRoutledge & K. Paul,c1963 axvi, 207 p. ;c23 cm. aIncludes Index and bibliographical references.10aPound, Ezra,d1885-1972.951752 2ddccBK c16754d16754 00102ddc40718NFICaRUCLbRUCLcReadingd1965-10-15eB.H.Black wellg30.00l0o811.52 DES 1963r2014-02-15 00:00:00tC-1w2014-02-15yBK